| 000 | 01075cam a2200325 a 4500 | ||
|---|---|---|---|
| 001 | 16270141 | ||
| 003 | Nust- CAS-E | ||
| 005 | 20180118181404.0 | ||
| 008 | 100607s2011 mauab b 000 0 eng | ||
| 010 | _a 2010020592 | ||
| 020 | _a9781856177108 | ||
| 020 | _a1856177106 | ||
| 035 | _a(OCoLC)ocn639573728 | ||
| 040 |
_aDLC _cDLC _dYDX _dYDXCP _dCDX _dDLC |
||
| 050 | 0 | 0 |
_aTP325 _b.M548 2011 |
| 082 | 0 | 0 |
_a662.620286 _222 _bMIL 2011 |
| 100 | 1 |
_aMiller, Bruce G., _cM.S. |
|
| 245 | 1 | 0 |
_aClean coal engineering technology / _cBruce G Miller. |
| 260 |
_aBurlington, MA : _bButterworth-Heinemann, _cc2011. |
||
| 300 |
_axiv, 681 p. : _bill., maps ; _c24 cm. |
||
| 502 | _a0 | ||
| 504 | _aIncludes bibliographical references and index. | ||
| 650 | 0 | _aClean coal technologies. | |
| 650 | 0 |
_aCoal _xEnvironmental aspects. |
|
| 650 | 0 | _aCoal-fired power plants. | |
| 650 | 0 | _aCoal-fired furnaces. | |
| 906 |
_a7 _bcbc _corignew _d1 _eecip _f20 _gy-gencatlg |
||
| 942 |
_2ddc _cBK |
||
| 999 |
_c355507 _d355507 |
||